000 00526nam a22001577a 4500
999 _c63902
_d63902
003 Ge_BSU
005 20260216172658.0
008 260216s1971 ge ||||| |||| 00| 0 geo d
041 _ageo
080 _a821.353.1-4 გ-69
100 _aგორგაძე, რევაზ
_96671
245 _aნახტომი მთაში /
_cრევაზ გორგაძე.
264 _aბათუმი :
_bსაბჭ. აჭარა,
_c1971.
300 _a110 გვ. ;
_b16 სმ.
942 _2udc
_cᲬᲘᲒᲜᲘ